000 01384cam a2200169 4500500
005 20260208010552.0
041 _afre
042 _adc
100 1 0 _aSuárez Muller, Fernando
_eauthor
245 0 0 _aMarie-José Pernin, Au cœur de l’existence, la souffrance ?, Paris, Bordas, 2003, 264 p. / « Nietzsche y Schopenhauer », Revista de la Sociedad española sobre Friedrich Nietzsche, no 3, 2003, 225 p. / Arthur Schopenhauer, L’art de l’insulte, introduction de Franco Volpi, Paris, Le Seuil, 2004, 188 p.
260 _c2005.
500 _a22
520 _aLettres inédites de Théodule Ribot à Henri Piéron Édition et présentation des lettres (1902-1916) du psychologue fondateur de la Revue philosophique, Théodule Ribot, au jeune Henri Piéron, qui deviendra par la suite une figure centrale de la psychologie scientifique française.
520 _aUnpublished letters from Théodule Ribot to Henri Piéron Edition and presentation of the letters (1902-1916) of Théodule Ribot, the psychologist founder of the Revue philosophique, to the young Henri Piéron, who will later become a central figure of French scientific psychology.
786 0 _nRevue philosophique de la France et de l'étranger | 130 | 3 | 2005-09-01 | p. 357u-432u | 0035-3833
856 4 1 _uhttps://shs.cairn.info/revue-philosophique-2005-3-page-357u?lang=fr&redirect-ssocas=7080
999 _c1657171
_d1657171